Didáctica de la fantasía (Record no. 60454)

MARC details
000 -LEADER
campo de control de longitud fija 02339nac a2200349 a 4500
003 - IDENTIFICADOR DE NÚMERO DE CONTROL
campo de control CO-PeBPM
005 - FECHA Y HORA DE LA ÚLTIMA TRANSACCIÓN
campo de control 20250130005445.0
007 - CAMPO FIJO DE DESCRIPCIÓN FÍSICA--INFORMACIÓN GENERAL
campo de control de longitud fija ta
008 - DATOS DE LONGITUD FIJA--INFORMACIÓN GENERAL
campo de control de longitud fija 250130s2020 ck a|||g |||| 00| 0 spa d
020 ## - NÚMERO INTERNACIONAL ESTÁNDAR DEL LIBRO
Número Internacional Estándar del Libro ISBN: 9789585138292 Impreso
020 ## - NÚMERO INTERNACIONAL ESTÁNDAR DEL LIBRO
Número Internacional Estándar del Libro PDF: 9789585138308
020 ## - NÚMERO INTERNACIONAL ESTÁNDAR DEL LIBRO
Número Internacional Estándar del Libro Epub: 9789585138315
040 ## - FUENTE DE CATALOGACIÓN
Centro catalogador/agencia de origen Co-PeBPM
Lengua de catalogación spa
Centro/agencia transcriptor CO-PeBPM
041 ## - CÓDIGO DE IDIOMA
Código de lengua del texto/banda sonora o título independiente spa
082 04 - NÚMERO DE LA CLASIFICACIÓN DECIMAL DEWEY
Número de clasificación 370.114 R934d
Número de edición 22
100 10 - ENTRADA PRINCIPAL--NOMBRE DE PERSONA
Nombre de persona Ruiz Silva, Alexander
Término indicativo de función/relación autor
245 10 - MENCIÓN DEL TÍTULO
Título Didáctica de la fantasía
Resto del título : La formación del niño como sujeto de derechos
Mención de responsabilidad, etc. / Alexander Ruiz Silva, Manuel Prada Londoño
250 ## - MENCION DE EDICION
Mención de edición Primera edición
260 ## - PUBLICACIÓN, DISTRIBUCIÓN, ETC.
Lugar de publicación, distribución, etc. Bogotá, Colombia
Nombre del editor, distribuidor, etc. : Universidad Pedagógica Nacional
-- ; La Carreta Editores
300 ## - DESCRIPCIÓN FÍSICA
Extensión 162 páginas
Otras características físicas Ilustraciones a color
Dimensiones 24 centímetros
500 ## - NOTA GENERAL
Nota general Incluye índice
504 ## - NOTA DE BIBLIOGRAFÍA, ETC.
Nota de bibliografía, etc. Incluye Referencias Bibliográficas
520 ## - RESUMEN, ETC.
Sumario, etc. Esta obra analiza tres experiencias centradas en el uso de diferentes recursos artísticos (dibujo, música y creación literaria) para aproximarse a la Convención de los Derechos del Niño y ayudar a los escolares a empoderarse como sujetos de derecho. Por otra parte, la obra ofrece una novedosa reflexión sobre la naturaleza de la educación, una tarea que supone un pacto disimétrico entre educandos y educadores, una tensión enormemente productiva. A lo largo de la obra se refiere la educación como un desafío que implica una aparente contradicción entre la necesidad de proteger, ayudar, cuidar, atender y enseñar a los niños y niñas y, por otra parte, la necesidad de no limitarlos, considerarlos “menos humanos" o todavía incapaces, pedirles pasividad o que esperen hasta la edad adulta. Para los autores es importante pensar que la educación debe reconocer la fragilidad y las necesidades de niños y niñas sin por ello menoscabar su derecho a tener opinión, a expresarla libremente, a ser responsables y a participar.
650 14 - PUNTO DE ACCESO ADICIONAL DE MATERIA--TÉRMINO DE MATERIA
Término de materia o nombre geográfico como elemento de entrada Derechos del Niño - Enseñanza
Fuente del encabezamiento o término LEMB
650 14 - PUNTO DE ACCESO ADICIONAL DE MATERIA--TÉRMINO DE MATERIA
Término de materia o nombre geográfico como elemento de entrada Niños - Aspectos sociales
Fuente del encabezamiento o término LEMB
650 14 - PUNTO DE ACCESO ADICIONAL DE MATERIA--TÉRMINO DE MATERIA
Término de materia o nombre geográfico como elemento de entrada Niño - Asistencia social
Fuente del encabezamiento o término LEMB
Subdivisión geográfica Colombia
650 14 - PUNTO DE ACCESO ADICIONAL DE MATERIA--TÉRMINO DE MATERIA
Término de materia o nombre geográfico como elemento de entrada Educación de niños
Fuente del encabezamiento o término LEMB
Subdivisión geográfica Colombia
650 14 - PUNTO DE ACCESO ADICIONAL DE MATERIA--TÉRMINO DE MATERIA
Término de materia o nombre geográfico como elemento de entrada Educación para los derechos humanos
Fuente del encabezamiento o término LEMB
700 14 - ENTRADA AGREGADA--NOMBRE PERSONAL
Nombre de persona Prada Londoño, Manuel
Término indicativo de función/relación autor
942 ## - ELEMENTOS DE ENTRADA SECUNDARIOS (KOHA)
Fuente del sistema de clasificación o colocación Clasificación Decimal Dewey
Tipo de ítem Koha Libros
Suprimir en OPAC No
Holdings
Estatus retirado Estado de pérdida Fuente del sistema de clasificación o colocación Estado de daño No para préstamo Biblioteca de origen Biblioteca actual Fecha de adquisición Fuente de adquisición Total de préstamos Signatura topográfica completa Código de barras Visto por última vez Copia número Precio de reemplazo Tipo de ítem Koha
    Clasificación Decimal Dewey     BIBLIOTECA PÚBLICA MUNICIPAL RAMON CORREA MEJIA BIBLIOTECA PÚBLICA MUNICIPAL RAMON CORREA MEJIA 24/01/2025 Donación   370.114 R934d 60866 30/01/2025 Ej.1 30/01/2025 Libros

Powered by Koha